Movie Posters VIII Quiz Stats

 Plays Quiz Updated Jun 22, 2017

Support Sporcle.
Go Orange.
Score 0/24 Timer 06:00
4 Plays Today
Movie % Correct
The Green Lantern
91.2%
Little Mermaid
89.8%
First Blood
80.6%
Marley and Me
78.1%
Chicago
77.1%
Bridesmaids
76.9%
Thor
67.7%
Independence Day
67.6%
Cool Runnings
57.7%
Poltergeist
54.3%
Sixteen Candles
51%
Look Who's Talking
49.9%
Movie % Correct
Harry and the Hendersons
39.7%
City of Angels
37.3%
Four Weddings and a Funeral
37.1%
Wild Things
36.3%
North by Northwest
35%
An American Tail
30.9%
Vertigo
26.7%
Being John Malkovich
26.7%
Adventures in Babysitting
26.2%
Moonraker
24.8%
The Seven Year Itch
23.1%
Boogie Nights
18.7%

You're not logged in!

Compare scores with friends on all Sporcle quizzes.
OR
Log In
Forgot?

From the Vault

Remove Ads.
Support Sporcle.
Get the best of Sporcle when you Go Orange. This ad-free experience offers more features, more stats, and more fun while also helping to support Sporcle. Thank you for becoming a member.

Show Comments

Extras

Top Quizzes Today


Score Distribution

Your Account Isn't Verified!

In order to create a playlist on Sporcle, you need to verify the email address you used during registration. Go to your Sporcle Settings to finish the process.

Report this User

Report this user for behavior that violates our Community Guidelines.

Details: